Language families of Eurasia with a map - Statistics

General Stats
  • This quiz has been taken 2,799 times
    2,798 since last reset
  • The average score is 10 of 26
Answers on the Map
Answers color-coded by a green-red scale on the quiz's map according to % correct below.
 
Answer Stats
Answer % Correct
Indo-European
91%
Japonic
84%
Turkic
83%
Koreanic
82%
Uralic
82%
Sino-Tibetan
63%
Dravidian
60%
Mongolic
59%
Afroasiatic
55%
Austronesian
55%
Kartvelian
42%
Austroasiatic
36%
Kra-Dai
34%
Northeast Caucasian
29%
Northwest Caucasian
29%
Tungusic
29%
Ainu
19%
Hmong-Mien
17%
Chukotko-Kamchatkan
15%
Nivkh
15%
Yeniseian
15%
Eskaleut
13%
Yukaghir
13%
Ongan
10%
Great Andamanese
9%
Timor-Alor-Pantar
4%
No matching quizzes found
Score Distribution
Percent of People with Each Score
Percentile by Number Answered
Your Score History
You have not taken this quiz since the last reset